Tìm hiểu pháp lệnh các bộ, công chức /

Guardat en:
Dades bibliogràfiques
Autor principal: Tôn Tử Hạ
Altres autors: Nguyễn Hữu Khiển, Trần Đình Huỳnh
Format: Sách giấy
Idioma:Vietnamese
Publicat: Hà Nội : Chính trị Quốc gia , 1998
Etiquetes: Afegir etiqueta
Sense etiquetes, Sigues el primer a etiquetar aquest registre!
Thư viện lưu trữ: Thư viện Trường Đại học Đà Lạt
LEADER 00711nam a2200265 4500
001 DLU020010365
005 ##11/24/1999
041 # # |a vie 
082 # # |a 344.01  |b Tin 
090 # # |a 344.01  |b Tin 
100 # # |a Tôn Tử Hạ 
245 # # |a Tìm hiểu pháp lệnh các bộ, công chức /  |c Hạ Tôn Tử, Huỳnh Trần Đình, Khiển Nguyễn Hữu 
260 # # |a Hà Nội :  |b Chính trị Quốc gia ,  |c 1998 
300 # # |a 160 tr.;   |c 19 cm. 
700 # # |a Nguyễn Hữu Khiển 
700 # # |a Trần Đình Huỳnh 
992 # # |a 14000 
994 # # |a DLU 
900 # # |a False 
911 # # |a Administrator 
925 # # |a G 
926 # # |a A 
927 # # |a SH 
980 # # |a Thư viện Trường Đại học Đà Lạt